[Event "Steinfurt Bezirksliga 1314"]
[Site "Germany"]
[Date "2014.05.17"]
[Round "9.5"]
[White "Loeckener, Thomas"]
[Black "Tillack, Hans"]
[Result "0-1"]
[WhiteElo "1673"]
[BlackElo "1698"]
[PlyCount "76"]
[EventDate "2013.09.14"]
[EventType "team-tourn"]
[EventRounds "9"]
[EventCountry "GER"]
[SourceTitle "EXT 2015"]
[Source "ChessBase"]
[SourceDate "2014.11.20"]
[SourceVersion "1"]
[SourceVersionDate "2014.11.20"]
[SourceQuality "1"]
[WhiteTeam "Saerbeck II"]
[BlackTeam "Emsdetten Rochade III"]
[WhiteTeamCountry "GER"]
[BlackTeamCountry "GER"]

1. e4 c5 2. Nf3 Nc6 3. d4 cxd4 4. Nxd4 Nf6 5. Nc3 a6 6. Be3 e5 7. Nxc6 bxc6 8. Bc4 Bb4 9. Qf3 d5 10. 0-0-0 Bxc3 11. bxc3 Qc7 12. exd5 Bg4 13. Qg3 Bxd1 14. Qxg7 0-0-0 15. Qxf6 cxd5 16. Bxa6+ Kb8 17. Rxd1 Qd6 18. Qxd6+ Rxd6 19. Bb5 Rc8 20. Kd2 f5 21. g3 Kb7 22. f4 e4 23. Bd4 h5 24. Rb1 Ka8 25. Be2 Rh6 26. Rb5 Rd8 27. Be5 Ka7 28. Ke3 h4 29. g4 fxg4 30. Bxg4 h3 31. Kd4 Rg6 32. Bxh3 Rh6 33. Bf5 Rxh2 34. Rxd5 Rd2+ 35. Kxe4 R2xd5 36. c4 Ra5 37. Bc7 Re8+ 38. Kd4 Rxf5 0-1

[Event "Steinfurt Bezirksliga 1314"]
[Site "Germany"]
[Date "2013.10.19"]
[Round "2.4"]
[White "Tillack, Hans"]
[Black "Boerger, Andreas1111"]
[Result "1-0"]
[WhiteElo "1698"]
[BlackElo "1640"]
[PlyCount "71"]
[EventDate "2013.09.14"]
[EventType "team-tourn"]
[EventRounds "9"]
[EventCountry "GER"]
[SourceTitle "EXT 2015"]
[Source "ChessBase"]
[SourceDate "2014.11.20"]
[SourceVersion "1"]
[SourceVersionDate "2014.11.20"]
[SourceQuality "1"]
[WhiteTeam "Emsdetten Rochade III"]
[BlackTeam "Reckenfeld"]
[WhiteTeamCountry "GER"]
[BlackTeamCountry "GER"]

1. e4 c5 2. Nf3 d6 3. d4 cxd4 4. Nxd4 Nf6 5. Bb5+ Bd7 6. Bxd7+ Qxd7 7. Nc3 g6 8. Be3 Bg7 9. e5 dxe5 10. Ndb5 Qxd1+ 11. Rxd1 Na6 12. Nd5 Nxd5 13. Rxd5 Rc8 14. c3 Nc7 15. Rc5 Kd7 16. Nxa7 Ra8 17. Ra5 Rhb8 18. Bb6 Ne6 19. 0-0 f5 20. b4 e4 21. Rd1+ Ke8 22. c4 h5 23. g3 Bf6 24. Rad5 Bc3 25. a3 Bg7 26. c5 Bf6 27. a4 Bc3 28. Rb1 Bf6 29. a5 Bc3 30. Nb5 Bf6 31. Rbd1 Rc8 32. Rd7 Rcb8 33. Na7 Bc3 34. c6 bxc6 35. Nxc6 Rc8 36. Rxe7+ 1-0

[Event "Steinfurt Bezirksliga 1011"]
[Site "Germany"]
[Date "2010.11.06"]
[Round "2.3"]
[White "Tillack, Hans"]
[Black "Henschen, Daniel"]
[Result "1-0"]
[WhiteElo "1690"]
[BlackElo "1684"]
[PlyCount "69"]
[EventDate "2010.10.02"]
[EventType "team-tourn"]
[EventRounds "9"]
[EventCountry "GER"]
[SourceTitle "EXT 2012"]
[Source "ChessBase"]
[SourceDate "2011.11.24"]
[SourceVersion "1"]
[SourceVersionDate "2011.11.24"]
[SourceQuality "1"]
[WhiteTeam "Emsdetten Rochade III"]
[BlackTeam "Saerbeck II"]
[WhiteTeamCountry "GER"]
[BlackTeamCountry "GER"]

1. e4 c5 2. Nf3 Nc6 3. d4 Nxd4 4. Nxd4 cxd4 5. Bc4 Qa5+ 6. Bd2 Qc5 7. Qe2 g6 8. a3 Bg7 9. Bb4 Qc7 10. 0-0 h5 11. f4 a5 12. Be1 Qb6 13. Bf2 Nf6 14. Nc3 Ng4 15. Nd5 Qd8 16. Bh4 Nf6 17. Bxf6 Bxf6 18. f5 Bg7 19. fxg6 fxg6 20. Nf4 Qb6 21. Qd3 Be5 22. Bf7+ Kd8 23. Nxg6 Qd6 24. Nxh8 Bxh8 25. Bxh5 Qh6 26. Qf3 Bg7 27. Bg4 Ra6 28. h3 Rc6 29. Qd3 b5 30. Rae1 Ba6 31. e5 e6 32. Qxd4 Bf8 33. Qf4 Bc5+ 34. Kh1 Qg6 35. Qf6+ 1-0

[Event "Steinfurt Bezirksliga 0809"]
[Site "Germany"]
[Date "2009.03.14"]
[Round "7.3"]
[White "Tillack, Hans"]
[Black "Welzel, Wilhelm"]
[Result "1-0"]
[WhiteElo "1620"]
[BlackElo "1620"]
[PlyCount "41"]
[EventDate "2008.09.27"]
[EventType "team-tourn"]
[EventRounds "9"]
[EventCountry "GER"]
[SourceTitle "EXT 2010"]
[Source "ChessBase"]
[SourceDate "2010.11.25"]
[SourceVersion "1"]
[SourceVersionDate "2010.11.25"]
[SourceQuality "1"]
[WhiteTeam "Emsdetten Rochade III"]
[BlackTeam "Ibbenbueren II"]
[WhiteTeamCountry "GER"]
[BlackTeamCountry "GER"]

1. e4 c5 2. Nf3 d6 3. d4 cxd4 4. Nxd4 Nf6 5. Nc3 Nc6 6. Bg5 e6 7. Nxc6 bxc6 8. Qf3 h6 9. Bh4 Be7 10. 0-0-0 Bd7 11. e5 dxe5 12. Bxf6 gxf6 13. Bb5 Qb6 14. Ba4 f5 15. Rhe1 Rb8 16. b3 e4 17. Nxe4 fxe4 18. Rxe4 Bg5+ 19. Kb1 Ke7 20. h4 Rhg8 21. Rxd7+ 1-0

[Event "Steinfurt Bezirksliga 0708"]
[Site "Germany"]
[Date "2008.04.19"]
[Round "8.4"]
[White "Radisic, Sascha"]
[Black "Tillack, Hans"]
[Result "0-1"]
[WhiteElo "1650"]
[BlackElo "1624"]
[PlyCount "120"]
[EventDate "2007.09.22"]
[EventType "team-tourn"]
[EventRounds "9"]
[EventCountry "GER"]
[SourceTitle "EXT 2009"]
[Source "ChessBase"]
[SourceDate "2008.11.26"]
[SourceVersion "1"]
[SourceVersionDate "2008.11.26"]
[SourceQuality "1"]
[WhiteTeam "Steinfurt II"]
[BlackTeam "Emsdetten Rochade III"]
[WhiteTeamCountry "GER"]
[BlackTeamCountry "GER"]

1. Nf3 d5 2. c4 Nf6 3. g3 Nc6 4. b3 e5 5. Bb2 e4 6. cxd5 Nxd5 7. Ne5 Nxe5 8. Bxe5 Qg5 9. Bb2 Bb4 10. a3 Ba5 11. Bg2 e3 12. 0-0 exf2+ 13. Kh1 Be6 14. Rxf2 0-0-0 15. Qc2 Bb6 16. e3 Bxe3 17. Re2 Bb6 18. Nc3 Nxc3 19. Bxc3 Bd5 20. Rc1 Bxg2+ 21. Rxg2 f6 22. a4 c6 23. h3 Qd5 24. Kh2 h6 25. Qg6 Rd7 26. b4 a6 27. a5 Bd4 28. Re1 Bxc3 29. dxc3 Qd3 30. Qxd3 Rxd3 31. Re7 Rd7 32. Re3 Rhd8 33. Ree2 Rd3 34. Rc2 Re3 35. Rg1 Rdd3 36. c4 Rc3 37. Rxc3 Rxc3 38. c5 Rb3 39. Re1 Kd7 40. Re4 Rb2+ 41. Kg1 Rd2 42. h4 Rd5 43. Kg2 g5 44. hxg5 hxg5 45. g4 Re5 46. Rxe5 fxe5 47. Kf3 Ke7 48. Ke4 Ke6 49. Kd3 Kd5 50. Ke3 e4 51. Kd2 Kd4 52. Kc2 e3 53. Kd1 Ke4 54. Ke2 Kf4 55. Kd3 Kf3 56. Kd4 e2 57. Ke5 e1Q+ 58. Kf5 Qe4+ 59. Kxg5 Qxg4+ 60. Kf6 Qxb4 0-1

[Event "Steinfurt Bezirksliga 0708"]
[Site "Germany"]
[Date "2007.10.27"]
[Round "2.4"]
[White "Tillack, Hans"]
[Black "Richter, Michael2222"]
[Result "1/2-1/2"]
[WhiteElo "1624"]
[BlackElo "1705"]
[PlyCount "94"]
[EventDate "2007.09.22"]
[EventType "team-tourn"]
[EventRounds "9"]
[EventCountry "GER"]
[SourceTitle "EXT 2009"]
[Source "ChessBase"]
[SourceDate "2008.11.26"]
[SourceVersion "1"]
[SourceVersionDate "2008.11.26"]
[SourceQuality "1"]
[WhiteTeam "Emsdetten Rochade III"]
[BlackTeam "Reckenfeld"]
[WhiteTeamCountry "GER"]
[BlackTeamCountry "GER"]

1. e4 c5 2. Nf3 d6 3. d4 cxd4 4. Nxd4 Nf6 5. Nc3 g6 6. Bb5+ Nbd7 7. 0-0 Bg7 8. Be3 a6 9. Bd3 Nc5 10. h3 b5 11. Nd5 Nxd5 12. exd5 Nxd3 13. Nc6 Qc7 14. Qxd3 Bb7 15. Bd4 0-0 16. Bxg7 Kxg7 17. Rfe1 Bxc6 18. dxc6 e6 19. c4 Qxc6 20. cxb5 axb5 21. Rac1 Qb6 22. a3 Rac8 23. Kf1 Rc6 24. Rc3 Rfc8 25. Rec1 d5 26. Ke2 Rc4 27. f3 d4 28. R3c2 e5 29. b3 Rxc2+ 30. Rxc2 Ra8 31. Qe4 d3+ 32. Kxd3 Qd6+ 33. Ke3 Rxa3 34. Rc3 b4 35. Rd3 Qc5+ 36. Ke2 Qc2+ 37. Ke3 Qc1+ 38. Kf2 Ra2+ 39. Kg3 Qg5+ 40. Qg4 Qxg4+ 41. hxg4 Rb2 42. g5 h6 43. gxh6+ Kxh6 44. Kh3 Kg5 45. g4 f5 46. gxf5 gxf5 47. Kg3 f4+ 1/2-1/2

[Event "Steinfurt Bezirksklasse 0506"]
[Site "Germany"]
[Date "2006.04.01"]
[Round "7.1"]
[White "Tillack, Hans"]
[Black "Keller, Hansjuergen"]
[Result "0-1"]
[WhiteElo "1668"]
[BlackElo "1610"]
[PlyCount "112"]
[EventDate "2005.09.10"]
[EventType "team-tourn"]
[EventRounds "7"]
[EventCountry "GER"]
[SourceTitle "EXT 2006"]
[Source "ChessBase"]
[SourceDate "2005.11.24"]
[SourceVersion "1"]
[SourceVersionDate "2005.11.24"]
[SourceQuality "1"]
[WhiteTeam "Emsdetten Rochade III"]
[BlackTeam "Nordwalde II"]
[WhiteTeamCountry "GER"]
[BlackTeamCountry "GER"]

1. e4 d5 2. exd5 Qxd5 3. Nf3 Nf6 4. Be2 Bg4 5. 0-0 e6 6. d4 Be7 7. c4 Qd8 8. h3 Bh5 9. Nc3 0-0 10. g4 Bg6 11. Ne5 Nfd7 12. Nxg6 hxg6 13. Bf3 c6 14. d5 exd5 15. cxd5 Nb6 16. Be3 Nxd5 17. Nxd5 cxd5 18. Bxd5 Nc6 19. Rc1 Qa5 20. Qb3 Nb4 21. Rfd1 Nxd5 22. Rxd5 Qb4 23. Qxb4 Bxb4 24. Rb5 a5 25. Rxb7 Rfc8 26. Rbc7 Rxc7 27. Rxc7 Rd8 28. Rc2 Rd1+ 29. Kg2 Rd5 30. Kf3 Rd7 31. Ke2 Re7 32. Kd3 Rd7+ 33. Kc4 Rc7+ 34. Kd3 Rd7+ 35. Bd4 Be7 36. Rc4 Bh4 37. Kc3 Rb7 38. b4 axb4+ 39. Rxb4 Re7 40. Rb2 Rc7+ 41. Kd3 Rd7 42. Ke2 Rxd4 43. Rb8+ Kh7 44. Ra8 Rc4 45. f3 Rc7 46. a4 Be7 47. Ra6 Bc5 48. f4 Ra7 49. Rxa7 Bxa7 50. Kf3 f6 51. h4 Bb6 52. Kg3 Kg8 53. h5 gxh5 54. gxh5 Kh7 55. Kg4 Kh6 56. Kh4 f5 0-1

[Event "Steinfurt Bezirksklasse 0506"]
[Site "Germany"]
[Date "2006.02.18"]
[Round "6.3"]
[White "Uiess, Heinz"]
[Black "Tillack, Hans"]
[Result "1/2-1/2"]
[WhiteElo "1643"]
[BlackElo "1692"]
[PlyCount "66"]
[EventDate "2005.09.10"]
[EventType "team-tourn"]
[EventRounds "7"]
[EventCountry "GER"]
[SourceTitle "EXT 2006"]
[Source "ChessBase"]
[SourceDate "2005.11.24"]
[SourceVersion "1"]
[SourceVersionDate "2005.11.24"]
[SourceQuality "1"]
[WhiteTeam "Steinfurt III"]
[BlackTeam "Emsdetten Rochade III"]
[WhiteTeamCountry "GER"]
[BlackTeamCountry "GER"]

1. d4 Nf6 2. c4 e6 3. Nc3 Bb4 4. Qc2 d5 5. a3 Bxc3+ 6. Qxc3 dxc4 7. Qxc4 Nc6 8. Nf3 Bd7 9. Bg5 h6 10. Bh4 g5 11. Bg3 b5 12. Qc2 g4 13. Ne5 Nxd4 14. Qc3 c5 15. Bh4 Nd5 16. Qxd4 cxd4 17. Bxd8 Rxd8 18. Rd1 h5 19. Rxd4 f6 20. Nxd7 Rxd7 21. e3 e5 22. Rd2 a6 23. Bd3 Ke7 24. Bf5 Rd6 25. Ke2 Rhd8 26. Rhd1 a5 27. g3 b4 28. e4 Nb6 29. Rxd6 Rxd6 30. Rxd6 Kxd6 31. axb4 axb4 32. Kd3 Na4 33. Kc2 Kc5 1/2-1/2

[Event "Steinfurt Bezirksklasse 0506"]
[Site "Germany"]
[Date "2005.12.03"]
[Round "4.3"]
[White "Tillack, Hans"]
[Black "Limberg, Rudolf"]
[Result "0-1"]
[WhiteElo "1692"]
[BlackElo "1479"]
[PlyCount "70"]
[EventDate "2005.09.10"]
[EventType "team-tourn"]
[EventRounds "7"]
[EventCountry "GER"]
[SourceTitle "EXT 2006"]
[Source "ChessBase"]
[SourceDate "2005.11.24"]
[SourceVersion "1"]
[SourceVersionDate "2005.11.24"]
[SourceQuality "1"]
[WhiteTeam "Emsdetten Rochade III"]
[BlackTeam "Rheine SG"]
[WhiteTeamCountry "GER"]
[BlackTeamCountry "GER"]

1. e4 e5 2. Nf3 Nc6 3. Bb5 d6 4. d4 Bd7 5. Bxc6 Bxc6 6. dxe5 dxe5 7. Qxd8+ Rxd8 8. Nc3 Bb4 9. Bd2 Bxc3 10. Bxc3 f6 11. Nd2 Ne7 12. 0-0-0 0-0 13. Rhg1 Ng6 14. g3 Bd7 15. h4 c5 16. h5 Ne7 17. Rde1 b5 18. a3 Nc6 19. Nb3 b4 20. axb4 cxb4 21. Bd2 Be6 22. Nc5 Bg4 23. f3 Bc8 24. f4 a5 25. f5 Nd4 26. Re3 Rd6 27. c3 bxc3 28. Bxc3 Rc6 29. Na4 Bd7 30. Kb1 Rb8 31. Bxd4 exd4 32. Ra3 Rc4 33. Rc1 Rxa4 34. Rxa4 Bxa4 35. Rc4 Rb4 0-1

[Event "Steinfurt Bezirksliga 0405"]
[Site "Germany"]
[Date "2005.05.21"]
[Round "9.4"]
[White "Tillack, Hans"]
[Black "Rolfing, Anton"]
[Result "1-0"]
[WhiteElo "1676"]
[BlackElo "1643"]
[PlyCount "81"]
[EventDate "2004.09.25"]
[EventType "team-tourn"]
[EventRounds "11"]
[EventCountry "GER"]
[SourceTitle "EXT 2006"]
[Source "ChessBase"]
[SourceDate "2005.11.24"]
[SourceVersion "1"]
[SourceVersionDate "2005.11.24"]
[SourceQuality "1"]
[WhiteTeam "Emsdetten Rochade III"]
[BlackTeam "Rheine Klein Berlin II"]
[WhiteTeamCountry "GER"]
[BlackTeamCountry "GER"]

1. e4 d6 2. d4 Nf6 3. Nc3 g6 4. h3 Bg7 5. Be3 c6 6. f4 e5 7. dxe5 dxe5 8. Qxd8+ Kxd8 9. fxe5 Nfd7 10. Bg5+ f6 11. exf6 Bxf6 12. Bxf6+ Nxf6 13. 0-0-0+ Kc7 14. Nf3 Re8 15. Bd3 Be6 16. Rhe1 Nbd7 17. a3 Rad8 18. g4 Bg8 19. e5 Nd5 20. Nxd5+ Bxd5 21. Ng5 Nxe5 22. Nxh7 Nxd3+ 23. cxd3 Rh8 24. Re7+ Kb6 25. Rde1 Bg2 26. R1e3 Rd4 27. Rg3 Bf1 28. Kc2 Rhd8 29. Ree3 a5 30. Ng5 R8d6 31. Ne4 c5 32. Nd2 Rf6 33. Rg1 Rdf4 34. Rxf1 Rxf1 35. Nxf1 Rxf1 36. Re6+ Kb5 37. Rxg6 a4 38. h4 c4 39. h5 b6 40. h6 Rf2+ 41. Kc3 1-0

[Event "Steinfurt Bezirksliga 0304"]
[Site "Germany"]
[Date "2004.03.27"]
[Round "7.7"]
[White "Tillack, Hans"]
[Black "Zachert, Axel"]
[Result "1/2-1/2"]
[WhiteElo "1678"]
[BlackElo "1623"]
[PlyCount "115"]
[EventDate "2003.10.18"]
[EventType "team-tourn"]
[EventRounds "9"]
[EventCountry "GER"]
[SourceTitle "EXT 2005"]
[Source "ChessBase"]
[SourceDate "2004.11.15"]
[SourceVersion "1"]
[SourceVersionDate "2004.11.15"]
[SourceQuality "1"]
[WhiteTeam "Emsdetten Rochade III"]
[BlackTeam "Westerkappeln"]
[WhiteTeamCountry "GER"]
[BlackTeamCountry "GER"]

1. e4 d5 2. exd5 Qxd5 3. d4 Nf6 4. c4 Qa5+ 5. Nc3 c6 6. Bd3 e6 7. Nf3 Bd6 8. 0-0 Nbd7 9. Bd2 Qc7 10. Rc1 0-0 11. Ne4 Nxe4 12. Bxe4 Nf6 13. Re1 b6 14. Qc2 Bb7 15. Bg5 Nxe4 16. Rxe4 c5 17. Rh4 f5 18. Qe2 Bxf3 19. Qxe6+ Kh8 20. Qg6 Bxh2+ 21. Kh1 Kg8 22. Qxh7+ Kf7 23. gxf3 Bd6 24. Qxf5+ Kg8 25. Qh7+ Kf7 26. d5 Rae8 27. Rg1 Rh8 28. Qf5+ Kg8 29. Rxh8+ Kxh8 30. Qg6 Qd7 31. Qh5+ Kg8 32. Bf6 Bf8 33. Qg4 Qf7 34. Bc3 Re2 35. Kg2 Re8 36. Re1 Rd8 37. f4 Rd6 38. Re6 Rd8 39. f5 b5 40. b3 bxc4 41. bxc4 Rd7 42. f4 Rb7 43. f6 Rb1 44. fxg7 Bxg7 45. Qxg7+ Qxg7+ 46. Bxg7 Kxg7 47. Re7+ Kf6 48. Rxa7 Rc1 49. Kf3 Rxc4 50. Kg4 Rd4 51. Ra6+ Ke7 52. d6+ Kd7 53. Kf3 c4 54. Ke3 c3 55. Kxd4 c2 56. Kd5 c1Q 57. Ra7+ Kd8 58. Ra8+ 1/2-1/2

[Event "Muensterland Verbandsklasse-B 0304"]
[Site "Germany"]
[Date "2004.02.14"]
[Round "6.8"]
[White "Tillack, Hans"]
[Black "Schoebel, Elmar"]
[Result "0-1"]
[WhiteElo "1638"]
[BlackElo "1717"]
[PlyCount "76"]
[EventDate "2003.09.20"]
[EventType "team"]
[EventRounds "9"]
[EventCountry "GER"]
[SourceTitle "EXT 2005"]
[Source "ChessBase"]
[SourceDate "2004.11.15"]
[SourceVersion "1"]
[SourceVersionDate "2004.11.15"]
[SourceQuality "1"]
[WhiteTeam "Emsdetten Rochade II"]
[BlackTeam "Metelen"]
[WhiteTeamCountry "GER"]
[BlackTeamCountry "GER"]

1. e4 e5 2. Nf3 Nc6 3. Bb5 a6 4. Ba4 Nf6 5. 0-0 b5 6. Bb3 Be7 7. Bd5 Bb7 8. d4 exd4 9. Nxd4 Nxd5 10. exd5 Nxd4 11. Qxd4 0-0 12. Nd2 Bf6 13. Qd3 Re8 14. Ne4 Re5 15. Nxf6+ Qxf6 16. Qg3 Bxd5 17. Bd2 Rf5 18. Rae1 Bc4 19. Bc3 Qg6 20. Qxc7 Bxf1 21. Kxf1 Qc6 22. Qg3 f6 23. h4 Qc4+ 24. Kg1 Qf4 25. Qxf4 Rxf4 26. g3 Rc4 27. Rd1 b4 28. Bd2 Rxc2 29. Bxb4 Rxb2 30. a3 a5 31. Bc5 Rb7 32. Kg2 Kf7 33. Re1 Re8 34. Rd1 Re6 35. f4 Rc6 36. Rc1 d6 37. g4 Rb3 38. Kf2 Rb2+ 0-1